Quizzes
Events
Quiz Creation
Community
Videos
Private Events
Remove Ads
Sign In
Join for FREE
Feedback
Dark Mode
Quiz Categories
Sports
Geography
Music
Movies
Television
Just For Fun
Miscellaneous
History
Literature
Language
Science
Gaming
Entertainment
Religion
Holiday
For Kids
Quiz Lab
Recent
Popular Today
Quiz Kudos Today
Editor Picks
Curator Picks
Quizzes by...
Day
Popularity
Type
Ratings
Length
Year
Community
Subscriptions
Recent Discussions
Orange Saloon
Badges
Playlists
Quests
Create
Leaderboards
Showdown
Live 5
Trivia Bingo
Activity
Puzzle Library
Sporcle Events
Private Events
Virtual Trivia
Globe League
Become a Host
Pub Owners
SporcleCon
Opinionation
Our Games
Videos
Blog
Mobile Apps
Partnerships
Remove Ads and Go Orange
Feedback
Sports
Athletes
MLB
NBA
NHL
NFL
Soccer
Sports Teams
WWE
NCAA
Football
Premier League
Basketball
Baseball
Hockey
Golf
Tennis
Cricket
Rugby
Auto Racing
Olympics
World Cup
Sports
Athletes
MLB
NBA
NHL
NFL
Soccer
Sports Teams
WWE
NCAA
Football
Premier League
Basketball
Baseball
Hockey
Golf
Tennis
Cricket
Rugby
Auto Racing
Olympics
World Cup
Random Quiz
Search Sporcle
×
Quiz Lab
Quiz Lab
Sports
Football
Type in answers that appear in a list
Type in answers that appear in a list
Classic
Best Score? Go Orange.
Ajax selection 2018-2019 Stats
Can you name the players of the Ajax selection 2018-2019?
By
TimK2001
10m
34 Questions
70 Plays
70 Plays
70 Plays
Comments
Comments
Give Quiz Kudos
Give Quiz Kudos
-
- Ratings
hide this ad
More Info
Replay
Link that replays current quiz
Next Quiz
Link to next quiz in quiz playlist
You Got
0%
They Got
Avg Score
52%
Avg Friend Score
Upgrade to see
Score Distribution
Jump to the score distribution portion of the page
Score
0/34
Timer
10:00
0
Plays Today
position
name player
% Correct
GK
Andre Onana
100%
MF
Hakim Ziyech
83.8%
DF
Nicolas Tagliafico
82.4%
DF
Noussair Mazraoui
82.4%
DF
Matthijs de Ligt
79.4%
DF
Daley Blind
79.4%
FWD
Dusan Tadic
79.4%
FWD
David Neres
79.4%
MF
Frenkie de Jong
77.9%
MF
Donny van de Beek
77.9%
DF
Joel Veltman
75%
FWD
Klaas-Jan Huntelaar
75%
MF
Lasse Schone
72.1%
FWD
Kasper Dolberg
70.6%
GK
Bruno Varela
64.7%
GK
Kostas Lamprou
63.2%
GK
Dominik Kotarski
50%
position
name player
% Correct
DF
Daley Sinkgraven
50%
MF
Carel Eiting
48.5%
DF
Perr Schuurs
45.6%
MF
Jurgen Ekkelenkamp
45.6%
DF
Lisandro Magallan
39.7%
MF
Ryan Gravenberch
39.7%
FWD
Noa Lang
36.8%
MF
Dani de Wit
33.8%
MF
Zakaria Labyad
29.4%
DF
Rasmus Kristensen
26.5%
FWD
Vaclav Cerny
23.5%
FWD
Danilo
16.2%
GK
Issam el Maach
13.2%
DF
Mitchell Bakker
11.8%
FWD
Lassina Traoré
11.8%
GK
Stan van Bladeren
8.8%
FWD
Hassane Bandé
7.4%
Quiz Playlist
Details
Report
Send in Message
Add To Playlist
More Info:
The players who made it to the semi finals of the UEFA champions league in the season 2018/2019
Classic:
Type in answers that appear in a list
Last Updated: Sep 26, 2019
Quiz Scoreboard
CHALLENGE
Sign Up to Join the Scoreboard
Show All
Scores
Hide
Comments
May contain spoilers
Recently Published
One Thing in Common: World Cities II
by knightlancer
Geography
7m
Popular People in 1961
by mucciniale
History
6m
1-10 Letter E Words III
by El_Dandy
Language
2m
More to Explore
Quiz From the Vault
Featured Blog Post
Where Did the Easter Bunny Come From?
hide this ad
You Might Also Like...
Tags
Football Quiz
Soccer Quiz
Sports Teams Quiz
Today's Top Quizzes in Sports
Browse Sports
hide this ad
Today's Top Quizzes in Football
Browse Football
Top Contributed Quizzes in Sports
1
2022 World Cup Stars
2
Les entraîneurs de l'OM et du PSG au 21e siècle
3
FIFA Club World Cup Champions
4
Criteria MLB: Left Handed Sluggers
5
Les meilleurs buteurs des matchs entre le PSG et l’OM
6
Name the Premier League winners with different clubs
7
Players with Multiple 50 Home Run Seasons
8
MLB Players with Two .350 Batting Average Seasons
9
La finale Lions - Afrique du Sud 2021
10
MLB Hall of Famer by Rings
Explore More
Trending Topics
Marvel
Harry Potter
Disney
NBA
Crossword
Anime
Kpop
Puzzle
Soccer
WWE
Country
NFL
Pokémon
Song
The Office
hide this ad
More By:
TimK2001
Quiz
Plays
Rating
Category
Featured
Created
Ajax selection 2018-2019
70
Sports
Sep 26, 2019
guess the lyrics 1
18
Music
Oct 15, 2019
Guess the lyrics 2
11
Music
Apr 17, 2020
Go to Creator's Profile
Score Distribution
Quiz Creator Spotlight
TimK2001
Follow
Send a Message
Quizzes Created
-
Created Quiz Play Count
-
More By This Creator
Popular Quizzes Today
1
Find the US States - No Outlines Minefield
2
The Countries of the World
3
Popular People in 1961
4
Find the Countries of Europe - No Outlines Minefield
5
1-10 Letter E Words III
6
Find the US States
7
One Thing in Common: World Cities II
8
US States
More Sports Quizzes
Pick 3 in 15 Boston Celtics Players 2010s
Curator's Pick
Trending Quizzes
Country Music Stars Doing Things
Get the Picture: Carrie or Dolly
1-10 Letter F Words
1-10 Letter G Words
Risky Map Clicking: Next State Alphabetically
Recently Updated
Leaping Animals
pecheneg
Reality TV Shows (A-Z)
bhenderson79
Rickey Henderson's Hall of Fame Teammates
pecheneg
Champions League XIs: Arsenal
pecheneg
Quick Pick: Celebrities in WWE's Hall of Fame
aduchscher
A-Z Keypad Blitz II
pecheneg
Multiple Oscar Actors
pecheneg
Mystery Phrase Blitz: Oscar 'Best Actors'
pecheneg
F. Scott Fitzgerald Novels
LTH
Pick 3 Villains
ddd62291
Trending Topics
Crossword
Kpop
Marvel
Anime
Harry Potter
NBA
Disney
Pokémon
The Office
Puzzle
NFL
Soccer
Song
Country
WWE
Your Account Isn't Verified!
In order to create a playlist on Sporcle, you need to verify the email address you used during registration. Go to your
Sporcle Settings
to finish the process.
Report this User
Report this user for behavior that violates our
Community Guidelines
.
Details:
Send Report
Go to the Sporcle.com Mobile Site →
Comments